000 00595nam a2200193 i 4500
001 102347
003 ES-MaACL
005 20251122134628.0
007 t|
008 051108s1968 sp ||||1| spa d
100 1 _aMeneses, Enrique,
_d1929-2013
_9172979
245 1 0 _aNasser, el último faraón /
_cEnrique Meneses.
260 _aMadrid :
_bPrensa Española,
_c1968.
300 _a366 p. ;
_c21 cm.
600 1 4 _aNasser, Gamal Abd el,
_d1918-1970
_984975
651 4 _aEgipto-
_xHistoria-
_y1952-1970.
_98143
852 _aES-MaACL
_jC-35223
_bR.67784
999 _c102347
_d102347